Realization of a low-cost data collection system with focusing on water treatment area usage

Saved in:
Bibliographic Details
Main Author: Holub, Michal (Author)
Other Authors: Valo, Richard (Thesis advisor)
Format: Manuscript Book
Language:Slovak
English
Published: 2023
Subjects:
Online Access:http://is.stuba.sk/zp/portal_zp.pl?podrobnosti=169527
Tags: Add Tag
No Tags, Be the first to tag this record!

MARC

LEADER 00000ntm a22000003a 4500
001 stuzp94268
003 SK-STU
005 20230909221549.9
007 ta
008 150427s2015----xo-----f-mn---000-0-slo-d
040 |a STU  |b slo 
041 0 |a eng 
100 1 |a Holub, Michal  |u 047220  |4 aut  |U FCHPT Ústav informatizácie, automatizácie a matematiky  |T FCHPT Oddelenie informatizácie a riadenia procesov  |X 99069  |U C7220  |Y 121  |7 99069 
242 0 1 |a Realizácia nízkonákladového systému zberu dát so zameraním na využitie v oblasti úpravy vody  |y slo 
245 1 0 |a Realization of a low-cost data collection system with focusing on water treatment area usage 
260 |c 2023 
650 4 |a node-red  |2 slo 
650 4 |a nízkonákladový zber údajov  |2 slo 
650 4 |a koreňová čistiareň odpadových vôd  |2 slo 
650 4 |a esp32 napájanie solárnou energiou  |2 slo 
650 4 |a senzorické siete  |2 slo 
650 4 |a esp-now  |2 slo 
650 4 |a root wastewater treatment  |2 eng 
650 4 |a sensor networks  |2 eng 
650 4 |a esp-now  |2 eng 
650 4 |a node-red  |2 eng 
650 4 |a low-cost data collection  |2 eng 
650 4 |a esp32 solar power source  |2 eng 
700 1 |a Valo, Richard  |4 ths  |X 10204  |7 10204 
856 4 |u http://is.stuba.sk/zp/portal_zp.pl?podrobnosti=169527